000 00514nam a2200181Ia 4500
008 190423s9999 xx 000 0 und d
100 _aKiener, Robert
245 4 _aThe Hunt for a deadly invader/
245 _cRobert Kiener
260 _bReader's Digest Asia
260 _c2019
300 _aPages 40-47, February 2019
440 _aAsia Reader's Digest: The Power of fake pills
_v115:672
650 _aBurmese Python
650 _aFlorida -- United States
650 _aSnake
650 _asnake hunters
999 _c361500
_d361500